| 000 | 00597cam a2200169 4500 | ||
|---|---|---|---|
| 001 | WB3532-27 | ||
| 008 | 000000n1999 000 0 eng u | ||
| 035 | _a(Sirsi) u102566 | ||
| 245 | _aEstate agents' margins squeezed. | ||
| 260 | _c1999 | ||
| 490 |
_aIndependent on Sunday _v15 August 1999, B:3 |
||
| 520 | _aIntense competition between estate agents in London to sell a small amount of prime property has slashed commission fees and reduced profit margins. | ||
| 650 | _aPROFITS | ||
| 650 | _aESTATE AGENTS | ||
| 690 | _aMANAGEMENT-BUSINESS MANAGEMENT-PROFESSIONAL PRACTICE | ||
| 942 | _n0 | ||
| 999 |
_c61568 _d61568 |
||